| 000 | 00672nam a2200229 a 4500 | ||
|---|---|---|---|
| 005 | 20180803164939.0 | ||
| 008 | 140303b1995 ck |||||rm||| 00| 0 spa d | ||
| 040 |
_aCO-BoIAVH _cCO-BoIAVH |
||
| 041 | _aspa | ||
| 044 | _ack | ||
| 090 |
_aTE _b0061 |
||
| 100 | _aGamboa Gaitan, Miguel Angel | ||
| 245 | _aContribución a la flora de los Farallones de Cali, vereda Pico de Aguila | ||
| 260 |
_aCali _bUniversidad del Valle _c1995 |
||
| 300 | _a316 p. | ||
| 650 | _aFlora | ||
| 650 | _aVegetación | ||
| 650 | _aInventarios | ||
| 650 | _aDescripciones taxonómicas | ||
| 662 |
_aColombia _dCali _bValle del Cauca |
||
| 942 |
_cTESIS _2z |
||
| 999 |
_c1879 _d1879 |
||